000
00247nam a2200097Ia 4500
001
1091154
005
20250827002853.0
008
250824s9999 xx 000 0 und d
245
0
_a
BÜTÜN ÖYKÜLERİ
_c
SAMED BEHRENGİ
260
_b
PANAMA YAYINLARI
999
_c
1091154
_d
1091154